CHILD DEVELOPMENT (Record no. 18955)

MARC details
000 -LEADER
fixed length control field 00260nam a22001217a 4500
003 - CONTROL NUMBER IDENTIFIER
control field SGT
082 ## - DEWEY DECIMAL CLASSIFICATION NUMBER
Classification number 305.231
Item number SAN
100 ## - MAIN ENTRY--PERSONAL NAME
Personal name SANTROCK, JOHN W.
245 ## - TITLE STATEMENT
Title CHILD DEVELOPMENT
260 ## - PUBLICATION, DISTRIBUTION, ETC. (IMPRINT)
Place of publication, distribution, etc DELHI
Name of publisher, distributor, etc MC GRAW HILL
Year of Publication 2016
300 ## - PAGE DESCRIPTION
No. of Pages 604
942 ## - ADDED ENTRY ELEMENTS (KOHA)
Source of classification or shelving scheme Dewey Decimal Classification
Koha item type Books
942 ## - ADDED ENTRY ELEMENTS (KOHA)
-- 6
Holdings
Withdrawn status Lost status Source of classification or shelving scheme Damaged status Not for loan Collection code Home library Current library Shelving location Date acquired SGTU Total Checkouts Total Renewals Full call number Accession No. (Barcode) Date last seen Date last borrowed Bill Date Koha item type
    Dewey Decimal Classification     EDUCATION SGT Engineering Library SGT Engineering Library Text Book 30/08/2019 SGTU 6 1 305.231 SAN ED4317 17/12/2021 17/11/2021 30/08/2019 Books
    Dewey Decimal Classification     EDUCATION SGT Engineering Library SGT Engineering Library Text Book 30/08/2019 SGTU 7   305.231 SAN ED4318 23/11/2022 21/11/2022 30/08/2019 Books